• 首页
  • 本馆介绍
  • 公告通知
  • 最新文献
  • 馆藏检索
  • 电子资源
  • 读者导购
  • 参考咨询
  • 我的图书馆
  • 登录
  • 详细信息显示
  • 放入我的书架
  • 预约/预借图书
  • 作者相关作品
  • 分类相关作品
  • 丛书相关作品
  • 出版社相关作品

书目信息

  • 表格格式
  • 工作单格式
  • 卡片格式
题名:
土质学与土力学
    
 
作者: 钱建固 编著
分册:  
出版信息: 北京   人民交通出版社股份有限公司  2015
页数: 266页
开本: 26cm
丛书名: 高等学校土木工程专业规划教材
单 册:
中图分类: P642.1-43 , TU43-43
科图分类:
主题词: 土质学--Tu Zhi Xue--高等学校--教材 , 土力学--Tu Li Xue--高等学校--教材
电子资源:
ISBN: 978-7-114-12532-4
000 01425nam 2200337 450
001 012001001371
005 20191122090252.03
010    @a978-7-114-12532-4@dCNY35.00
099    @aCAL 012016039768
100    @a20160408d2015 em y0chiy50 ea
101 0  @achi
102    @aCN@b110000
105    @aak a 000yy
106    @ar
200 1  @a土质学与土力学@ATu Zhi Xue Yu Tu Li Xue@d= Soil properties and soil mechanics@f钱建固 .. [等] 编著@zeng
205    @a第5版
210    @a北京@c人民交通出版社股份有限公司@d2015
215    @a266页@c图@d26cm
225 2  @a高等学校土木工程专业规划教材@AGao Deng Xue Xiao Tu Mu Gong Cheng Zhuan Ye Gui Hua Jiao Cai
320    @a有书目 (第266页)
330    @a本书系统介绍了土质学与土力学的基本原理和分析计算方法,内容包括土的物理性质和工程分类、粘性土的物理化学性质、土中水的运动规律、土中应力计算、土的压缩性和沉降计算、土的抗剪强度、土的压力计算、土坡稳定性分析、地基承载力等内容,每章附有较全面、详细的例题以及习题和思考题。
333    @a本书适用于土木工程专业学生及其他相关专业师生及技术人员
410  0 @12001 @a高等学校土木工程专业规划教材
510 1  @aSoil properties and soil mechanics@zeng
606 0  @a土质学@ATu Zhi Xue@x高等学校@j教材
606 0  @a土力学@ATu Li Xue@x高等学校@j教材
690    @aP642.1-43@v5
690    @aTU43-43@v5
701  0 @a钱建固@AQian Jian Gu@4编著
801  0 @aCN@b北京卓展@c20191020
905    @b1198165-8@dP642.1-43@e111=5@f4
    
    土质学与土力学= Soil properties and soil mechanics/钱建固 .. [等] 编著.-第5版.-北京:人民交通出版社股份有限公司,2015
    266页:图;26cm.-(高等学校土木工程专业规划教材)
    使用对象:本书适用于土木工程专业学生及其他相关专业师生及技术人员
    
    ISBN 978-7-114-12532-4:CNY35.00
    本书系统介绍了土质学与土力学的基本原理和分析计算方法,内容包括土的物理性质和工程分类、粘性土的物理化学性质、土中水的运动规律、土中应力计算、土的压缩性和沉降计算、土的抗剪强度、土的压力计算、土坡稳定性分析、地基承载力等内容,每章附有较全面、详细的例题以及习题和思考题。
●
相关链接 在E读中查询图书 在五车中查询图书 在当当中查询图书 在豆瓣中查询图书


正题名:土质学与土力学     索取号:P642.1-43/111=5         预约/预借

序号 登录号 条形码 馆藏地/架位号 状态 备注
1 1198165   211981658   第二样本阅览室/ [索取号:P642.1-43/111=5] 在馆    
2 1198166   211981667   第三借阅区/ [索取号:P642.1-43/111=5] 在馆    
3 1198167   211981676   第三借阅区/ [索取号:P642.1-43/111=5] 在馆    
4 1198168   211981685   第三借阅区/ [索取号:P642.1-43/111=5] 在馆    
唐山师范学院图书馆 欢迎您!
大连网信软件有限公司© 版权所有